Language Quiz

Random Language or Letter Quiz

Word Loops Quiz Stats

Quiz Updated Jun 22, 2018

Challenge
Share
Tweet
Embed
Score 0/20 Timer 04:00
21 Plays Today
a b % Correct
LOOP 1Bicycle
91.1%
LOOP 1Timon
75.3%
LOOP 1Tiara
73.8%
LOOP 1Monster
73.7%
LOOP 1Clever
69.9%
LOOP 1Arabic
69.5%
LOOP 1Verbatim
66%
LOOP 2Identical
65.9%
LOOP 1Term
64.7%
LOOP 2Genocide
62.5%
a b % Correct
LOOP 1Inertia
61.5%
LOOP 2Estrogen
58.2%
LOOP 2Calendar
57.8%
LOOP 2Village
55.9%
LOOP 1Ermine
53.5%
LOOP 2Daredevil
50.6%
LOOP 2Ingest
41.7%
LOOP 2Agent
20.9%
LOOP 2Astonishing
14.1%
LOOP 2Enthusiast
10%

You're not logged in!

Compare scores with friends on all Sporcle quizzes.
Join for Free
OR
Log In

You Might Also Like...

Show Comments

Extras

Top Quizzes Today


Score Distribution

Your Account Isn't Verified!

In order to create a playlist on Sporcle, you need to verify the email address you used during registration. Go to your Sporcle Settings to finish the process.

Report this User

Report this user for behavior that violates our Community Guidelines.

Details: